Gaming Quiz

Random Gaming or Nintendo Quiz

Pokémon Legendaries Quiz Stats

 Plays Quiz not verified by Sporcle

Score 0/50 Timer 10:00
0 Plays Today
Pokédex Number Pokémon % Correct
#145Articuno
97.1%
#146Zapdos
97.1%
#147Moltres
97.1%
#150Mewtwo
97.1%
#249Lugia
97.1%
#378Regice
95.7%
#383Groudon
94.3%
#245Suicune
92.9%
#250Ho-Oh
92.9%
#379Registeel
92.9%
#382Kyogre
92.9%
#244Entei
91.4%
#243Raikou
90%
#377Regirock
90%
#384Rayquaza
88.6%
#380Latias
87.1%
#381Latios
87.1%
#483Dialga
87.1%
#484Palkia
87.1%
#487Giratina
82.9%
#785Tapu Koko
80%
#786Tapu Lele
80%
#787Tapu Bulu
80%
#480Uxie
78.6%
#485Heatran
78.6%
Pokédex Number Pokémon % Correct
#486Regigigas
78.6%
#643Reshiram
77.1%
#482Azelf
75.7%
#716Xerneas
75.7%
#481Mesprit
74.3%
#717Yveltal
72.9%
#644Zekrom
71.4%
#772Type: Null
70%
#773Silvally
70%
#788Tapu Fini
70%
#646Kyurem
68.6%
#718Zygarde
68.6%
#638Cobalion
65.7%
#641Tornadus
65.7%
#642Thundurus
65.7%
#488Cresselia
64.3%
#640Virizion
62.9%
#792Lunala
62.9%
#639Terrakion
61.4%
#645Landorus
61.4%
#791Solgaleo
61.4%
#789Cosmog
59%
#489Phione
58.6%
#800Necrozma
53.8%
#790Cosmoem
46.2%

You're not logged in!

Compare scores with friends on all Sporcle quizzes.
OR
Log In

Sporcle TV

Today on Sporcle TV


Watch our educational content, quiz creation guides, and fun videos on Sporcle TV.

Show Comments

Extras

Top Quizzes Today


Score Distribution

Your Account Isn't Verified!

In order to create a playlist on Sporcle, you need to verify the email address you used during registration. Go to your Sporcle Settings to finish the process.

Report this User

Report this user for behavior that violates our Community Guidelines.

Details: